| 000 | 00545nam a22001937a 4500 | ||
|---|---|---|---|
| 003 | DO-SdBNP | ||
| 005 | 20210922131402.0 | ||
| 007 | ta | ||
| 008 | 210922b2012 ||||| |||| 00| 0 spa d | ||
| 040 |
_aDO-SdBNP _bspa _cBNPHU |
||
| 082 |
_axxx _bR281p |
||
| 100 |
_aReyes, María Amelia _980018 |
||
| 245 |
_aPropuesta curricular de actuación para niños de 4 a 8 años / _cMaría Amelia Reyes |
||
| 260 |
_aSanto Domingo : _b[s.n], _c2012 |
||
| 300 |
_a74 p. ; _c22 cm |
||
| 590 | _aInventariado, 2021 / DG | ||
| 910 | _aD/G | ||
| 942 |
_2ddc _cLBS1 |
||
| 999 |
_c50628 _d50628 |
||